000
00295nam a2200109Ia 4500
008
171211s9999 xx 000 0 und d
245
_a
Goldfish: Your Happy Healthy Pet
245
_c
Gregory Skomal
260
_c
2007
650
_x
ANIMALS
856
_u
http://down.ebook777.com/054/047016512X.pdf
999
_c
348458
_d
348458